000 00558nam a2200169 i 4500
001 174973
003 ES-MaACL
005 20230906215718.0
008 100831s2002 ec ||||1| spa d
080 _a821.134.2(866)-14"19"
100 1 _aVelasco Garcés, Raúl.
_9113757
245 1 3 _aLa rosa inmortal
_b(poesía) /
_cRaúl Velasco Garcés.
260 _aQuito, Ecuador :
_b[s. n.],
_c2002 (
_fZenitram)
300 _a90 p. :
_bil. ;
_c22 cm.
599 _aDibujos de Pilar Bustos.
852 _aES-MaACL
_jE-13190
_z. - Dedicatoria autógrafa del autor
999 _c174973
_d174973